| 000 | 00929nam a22002537a 4500 | ||
|---|---|---|---|
| 005 | 20170124103009.0 | ||
| 010 | _aA-670035 | ||
| 020 |
_c35.00 _a8170432375 |
||
| 035 | _aA-670035 | ||
| 037 | _bCen Lib/Ret | ||
| 040 |
_aDPL _bHN |
||
| 082 |
_aक _bनसीम |
||
| 100 |
_aनसीम साकेती _9210 |
||
| 245 |
_aअमोघ अस्त्र / _cनसीम साकेती |
||
| 246 |
_aAmogh astr / _bby Naseem Saketi |
||
| 260 |
_aदिल्ली _bआत्माराम एंड संस _c1993 |
||
| 270 |
_aकश्मीरी गेट _bदिल्ली _e110006 |
||
| 300 |
_a88पृ. _c17सेमी (सजिल्द) |
||
| 650 |
_aहिन्दी -- साहित्य _956959 |
||
| 650 |
_aहिन्दी -- कहानी _9779 |
||
| 650 |
_aHindi -- Literature _956960 |
||
| 650 |
_aHindi -- story _943117 |
||
| 942 |
_2ddc _cHN _hक _mनसीम |
||
| 999 |
_c114473 _d114473 |
||